| LEADER | 01426nam a2200229 4500 | ||
|---|---|---|---|
| 082 | |a 959.752 |b NG 527 S | ||
| 100 | |a Nguyễn Sinh Duy | ||
| 245 | |a Quảng Nam và những vấn đề sử học |c Nguyễn Sinh Duy | ||
| 260 | |a H. |b Văn hóa Thông tin |c 2006 | ||
| 300 | |a 525 tr. |c 21 cm | ||
| 520 | |a v.v... | ||
| 653 | |a Lịch sử | ||
| 653 | |a Sử học | ||
| 653 | |a Quảng Nam | ||
| 653 | |a Việt Nam | ||
| 942 | |2 ddc |c STK0 | ||
| 999 | |c 5865 |d 5865 | ||
| 952 | |0 0 |1 0 |2 ddc |4 0 |6 959_752000000000000_NG_527_S |7 0 |8 900 |9 54039 |a qbu |b qbu |c D5 |d 2014-12-30 |g 60000 |o 959.752 NG 527 S |p 4424.C1 |r 0000-00-00 |w 2014-12-30 |y STK0 |0 0 |6 959_752000000000000_NG_527_S | ||
| 952 | |0 0 |1 0 |2 ddc |4 0 |6 959_752000000000000_NG_527_S |7 0 |8 900 |9 54040 |a qbu |b qbu |c D5 |d 2014-12-30 |g 60000 |o 959.752 NG 527 S |p 4424.C2 |r 0000-00-00 |w 2014-12-30 |y STK0 |0 0 |6 959_752000000000000_NG_527_S | ||
| 952 | |0 0 |1 0 |2 ddc |4 0 |6 959_752000000000000_NG_527_S |7 0 |8 900 |9 54041 |a qbu |b qbu |c D5 |d 2014-12-30 |g 60000 |o 959.752 NG 527 S |p 4424.C3 |r 0000-00-00 |w 2014-12-30 |y STK0 |0 0 |6 959_752000000000000_NG_527_S | ||
| 952 | |0 0 |1 0 |2 ddc |4 0 |6 959_752000000000000_NG_527_S |7 0 |8 900 |9 93965 |a qbu |b qbu |c D5 |d 2015-09-15 |g 60000 |o 959.752 NG 527 S |p 4424.c4 |r 2015-10-28 |w 2015-09-15 |y STK0 |0 0 |6 959_752000000000000_NG_527_S | ||
| 952 | |0 0 |1 0 |2 ddc |4 0 |6 959_752000000000000_NG_527_S |7 0 |8 900 |9 93966 |a qbu |b qbu |c D5 |d 2015-09-15 |g 60000 |o 959.752 NG 527 S |p 4424.c5 |r 0000-00-00 |w 2015-09-15 |y STK0 |0 0 |6 959_752000000000000_NG_527_S | ||